000 00513nam a2200181Ia 4500
008 151018s9999 xx 000 0 und d
082 _bRBASDV27801
_a891.463
100 _aगो. ना. दातार
245 _aअध:पतन
250 _b4
260 _bदा सा आणि मंडळी
_c1970
300 _a642
600 _aगो. ना. दातार
630 _aअध:पतन
700 _aगो. ना. दातार
730 _aअध:पतन
942 _cBOOK
999 _c1027389
_d1027386